000
00335nam a2200145Ia 4500
005
20260328104329.0
008
260328s9999||||xx |||||||||||||| ||und||
100
_a
Peterson, Steven
245
0
_a
Space Anti-Space /
_c
Steven Peterson
250
_a
Original
260
_b
Oro
300
_a
295 p.
650
_a
URBANISMO
942
_c
BK
999
_c
11645
_d
11645